Statistics for Name the Country #6

Click here to take the quiz!

General Stats

  • This quiz has been taken 14 times
  • The average score is 12 of 15

Answer Stats

Answer% Correct
Papua New Guinea
100%
Senegal
100%
Australia
93%
Denmark
93%
Iraq
93%
Gambia
86%
Haiti
86%
Iran
86%
Namibia
86%
Panama
86%
Serbia
79%
Malawi
71%
Mali
71%
Bolivia
29%
Cambodia
29%

Score Distribution

Percentile by Number Answered

Percent of People with Each Score

Your Score History

You have not taken this quiz